000 00543nam a22002057a 4500
999 _c7476
_d7476
003 OSt
005 20211115112203.0
008 211115b ||||| |||| 00| 0 eng d
020 _a9788122436235
040 _cDDC
082 _a001.42 KOT 2014
100 _aKothari, C. R
_915321
245 _aResearch methodology:
_bMethods and Techniques.
250 _a3rd ed.
260 _aNew Delhi:
_bNew Age Techno
300 _axx,449p.:
_bill;
_c26cm.
504 _aIncludes index.
650 _aResearch Methodology.
_915322
942 _2ddc
_cBOOK